| 000 | 00871nam a22002537a 4500 | ||
|---|---|---|---|
| 999 |
_c15938 _d15938 |
||
| 003 | AR-CdUCM | ||
| 008 | 190430b ||||| |||| 00| 0 spa d | ||
| 040 |
_aMUNICIPALIDAD PROVINCIAL DEL CUSCO _cBIBLIOTECA MUNICIPAL DEL CUSCO |
||
| 041 | _hale | ||
| 082 |
_a943.086 / _bD71 |
||
| 100 |
_aDimitrov, Jorge _935183 |
||
| 245 | _aEl incendio del reichstag / | ||
| 260 |
_aMéxico, D.F. : _bGrijalbo, _c1968. |
||
| 300 |
_a159 páginas ; _c19 cm. |
||
| 440 |
_aColección ; _n70 _92202 |
||
| 505 | _aContenido: En prisión preventiva -- Ante el tribunal del reich -- Después de la sentencia absolutoria -- En la Unión Soviética ... | ||
| 650 |
_aAlemania _91327 |
||
| 650 |
_aNacionalsocialismo _935184 |
||
| 650 |
_aHistoria _9136 |
||
| 650 |
_aSiglo XX _98 |
||
| 700 |
_aCáceres C., Rafael (traductor) _935185 |
||
| 942 |
_2ddc _cLIBROS |
||
| 945 |
_aacv _d2019-04-30 |
||